| 000 | 00935nam a2200217Ia 4500 | ||
|---|---|---|---|
| 999 |
_c5708 _d5708 |
||
| 003 | OSt | ||
| 005 | 20200320125230.0 | ||
| 008 | 191128s1978 ck a gr 000 0 spa d | ||
| 040 |
_aCO-JMCR _cCO-JMCR |
||
| 082 | 0 | 4 |
_a001.424 / _bV293i |
| 100 | 1 |
_aVarela, Jaime Enrique, _eAutor _91739 |
|
| 245 | 1 | 0 |
_aIntroducción a la investigación de operaciones / _cJaime Enrique Varela |
| 260 |
_aBogotá : _bFondo Colombiano, Universidad de los Andes, _c1978 |
||
| 300 |
_a423 páginas : _bilustraciones en blanco y negro ; _c 24 cm. |
||
| 490 | 0 | _aColección de Textos Universitarios | |
| 505 | _aOptimización -- Programación lineal -- Programación dinámica -- Flujo en redes y gráficas -- Problemas de transporte -- Teoría de localización -- Teoría de colas -- Teoría de inventarios -- Cadena de markob | ||
| 546 | _aspa | ||
| 650 | 1 | 4 |
_aInvestigación operacional _91721 |
| 650 | 2 | 4 |
_aModelos matemáticos _91740 |
| 942 |
_2ddc _cBK |
||